[Event "It (cat.10)"]
[Site "masterchessopen.com – Makarska (Croatia)"]
[Round "26"]
[White "Rogic Davor (CRO)"]
[Black "Gabriel Christian (GER)"]
[Result "0-1"]
[WhiteElo "2455"]
[BlackElo "2565"]

1.e4 e5 2.Nf3 Nc6 3.Bb5 a6 4.Ba4 Nf6 5.O-O Be7 6.Re1 b5 7.Bb3 d6 8.c3 O-O 9.h3
Nb8 10.d3 Nbd7 11.Nbd2 Bb7 12.Nf1 Nc5 13.Bc2 Re8 14.N3h2 Bf8 15.Ng3 d5 16.Qf3
g6 17.h4 Ne6 18.h5 c5 19.Ng4 Nxg4 20.Qxg4 d4 21.Nf5 Qf6 22.Bb3 Rac8 23.c4 Nf4
24.Bxf4 exf4 25.hxg6 hxg6 26.g3 fxg3 27.fxg3 Bg7 28.Nxg7 Qxg7 29.Rf1 b4 30.Ba4
Re7 31.Qh4 Qe5 32.Rf4 f5 33.Raf1 fxe4 34.dxe4 Rg7 35.Qg4 g5 36.Rf6 Qxe4
37.Qxe4 Bxe4 38.Re1 Bb7 39.Re5 Rd8 40.Rxc5 d3 41.Bb3 d2 42.Rf1 Rd3 43.Rcf5
Rxg3+ 44.Kf2 Rxb3 45.axb3 Be4 46.Ke2 Bxf5 47.Rxf5 g4 48.Kxd2 g3 49.Rf1 g2
50.Rg1 Rg3 51.Ke2 Kf7 52.Kf2 Rxb3 53.Rb1 Ke6 54.Kxg2 Kd6 55.Kf2 Kc5 56.Ke2
Kxc4 57.Rc1+ Kb5 58.Rc2 Rh3 59.Kd1 Rh1+ 60.Kd2 Rh2+ 61.Kc1 Rxc2+ 62.Kxc2 Kc4
63.Kc1 Kb3 64.Kb1 a5 65.Ka1 Kc2 66.Ka2 a4 67.Ka1 Kc1 {#R} 0-1

[Event "Cup Russia (open)"]
[Site "masterchessopen.com – Moscow (Russia)"]
[Round "6"]
[White "Kasimdzhanov Rustam (UZB)"]
[Black "Notkin Maksim (RUS)"]
[Result "1-0"]
[WhiteElo "2435"]
[BlackElo "2520"]

1.e4 e5 2.Nf3 Nc6 3.Bb5 a6 4.Ba4 Nf6 5.O-O Be7 6.Re1 b5 7.Bb3 d6 8.c3 O-O 9.h3
Nb8 10.d3 Nbd7 11.Nbd2 Bb7 12.Nf1 Nc5 13.Bc2 Re8 14.Ng3 Bf8 15.b4 Ncd7 16.d4
g6 17.Bg5 h6 18.Bd2 Nb6 19.Bd3 c5 20.bxc5 dxc5 21.d5 c4 22.Bc2 Nbd7 23.Be3 a5
24.Qd2 Kh7 25.Rab1 Ba6 26.a3 Rb8 27.Rb2 Qc7 28.Nh2 Nc5 29.Rf1 Nb3 30.Qd1 Bd6
31.h4 Bc8 32.h5 Bd7 33.Qf3 Qd8 34.Ra2 Nc5 35.Qe2 Ng8 36.Bxc5 Bxc5 37.a4 Qc7
38.axb5 Bxb5 39.Rfa1 Bb6 40.Ng4 Qe7 41.Ba4 Bxa4 42.Rxa4 Rec8 43.Ne3 Qg5 44.Qf3
Nf6 45.Nxc4 gxh5 46.Qf5+ Qxf5 47.Nxf5 Bxf2+ 48.Kxf2 Nxe4+ 49.Kg1 Nxc3 50.Ncd6
Rg8 51.Rxa5 Rb2 52.Ne3 Ne2+ 53.Kh2 Nf4 54.R5a2 Rb3 55.Ndf5 Rd3 56.Ra7 {#r} 1-0

[Event "It (open)"]
[Site "masterchessopen.com – Minsk (Belarus)"]
[Round "8"]
[White "Berelovich Aleksandar (GER)"]
[Black "Notkin Maksim (RUS)"]
[Result "1-0"]
[WhiteElo "2515"]
[BlackElo "2535"]

1.e4 e5 2.Nf3 Nc6 3.Bb5 a6 4.Ba4 Nf6 5.O-O Be7 6.Re1 b5 7.Bb3 d6 8.c3 O-O 9.h3
Nb8 10.d3 Nbd7 11.Nbd2 Bb7 12.Nf1 Nc5 13.Bc2 Re8 14.Ng3 Bf8 15.Nh2 d5 16.Qf3
Ne6 17.Nf5 dxe4 18.dxe4 c5 19.h4 Qc7 20.Bg5 Nd7 21.Rad1 f6 22.Bc1 c4 23.Ng4
Nf4 24.Bxf4 exf4 25.Nfh6+ Kh8 26.Nf7+ Kg8 27.Ngh6+ gxh6 28.Qg4+ Kxf7 29.Rxd7+
Qxd7 30.Qxd7+ Re7 31.Qf5 Re5 32.Qxf4 Rd8 33.f3 h5 34.Rd1 Rxd1+ 35.Bxd1 Bd6
36.Qh6 Bc5+ 37.Kf1 Bf8 38.Qxh7+ Bg7 39.f4 Bxe4 40.Bxh5+ Kf8 41.Bg6 {#r} 1-0

[Event "It (open)"]
[Site "masterchessopen.com – Godesburg (Germany)"]
[Round "0"]
[White "Peric Mijo (CRO)"]
[Black "Schneider Ilja (GER)"]
[Result "1-0"]
[WhiteElo "1954"]
[BlackElo "2472"]

1.e4 e5 2.Nf3 Nc6 3.Bb5 a6 4.Ba4 Nf6 5.O-O Be7 6.Re1 b5 7.Bb3 d6 8.c3 O-O 9.h3
Nb8 10.d3 Bb7 11.Nbd2 c5 12.Nf1 Nc6 13.Ng3 Na5 14.Bc2 Bc8 15.d4 Qc7 16.b3 cxd4
17.cxd4 Nc6 18.Bb2 Bd7 19.Rc1 Rac8 20.Bb1 Qb8 21.Nf5 Bxf5 22.exf5 e4 23.d5 Nb4
24.Ng5 Rxc1 25.Qxc1 Nbxd5 26.Nxe4 Nxe4 27.Bxe4 Nf6 28.Bd3 Qb7 29.Qe3 Bd8 30.g4
h6 31.Qg3 d5 32.h4 Ne4 33.Bxe4 dxe4 34.g5 h5 35.Qe5 f6 36.Qe6+ Qf7 37.gxf6
Bxf6 38.Bxf6 Qxe6 39.fxe6 Rxf6 40.Rxe4 Kf8 41.e7+ Ke8 42.Kg2 Rc6 43.Re2 Rg6+
44.Kf3 Rf6+ 45.Kg3 Rg6+ 46.Kf4 Rg4+ 47.Kf5 b4 48.Re4 Rxe4 49.Kxe4 Kxe7 50.Kf5
Kf7 51.Kg5 g6 52.f4 Kg7 53.f5 gxf5 54.Kxf5 Kf7 55.Kg5 Ke6 56.Kxh5 Kf5 57.Kh6
Kf6 58.h5 a5 59.Kh7 Kf7 60.h6 {#r} 1-0

[Event "It (open)"]
[Site "masterchessopen.com – Hlohovec (Slovakia)"]
[Round "4"]
[White "Bisco Igor (SVK)"]
[Black "Chorvatova Elena (SVK)"]
[Result "1-0"]
[WhiteElo "2143"]
[BlackElo "2043"]

1.e4 e5 2.Nf3 Nc6 3.Bb5 a6 4.Ba4 Nf6 5.O-O Be7 6.Re1 b5 7.Bb3 d6 8.c3 O-O 9.h3
Nb8 10.d3 c5 11.a4 Bb7 12.axb5 axb5 13.Rxa8 Bxa8 14.Nbd2 Nbd7 15.Bc2 Re8 16.d4
exd4 17.cxd4 Bf8 18.d5 Bb7 19.Nf1 g6 20.Ng3 Bg7 21.b3 Qc7 22.Bb2 Nh5 23.Bxg7
Nxg7 24.Qd2 Ne5 25.Nh2 Qe7 26.Ra1 b4 27.f4 Nd7 28.Ra7 Rb8 29.Nf3 Qd8 30.Kh2
Qb6 31.Ra4 Ra8 32.Rxa8+ Bxa8 33.e5 Qc7 34.Ne4 Ne8 35.Kh1 Bb7 36.Neg5 dxe5
37.fxe5 Nb6 38.d6 Qd8 39.Qf4 f6 40.Ne6 Qc8 41.Nfg5 Nd5 42.exf6 Ndxf6 43.Nxc5
Bc6 44.Be4 Bd7 45.Bd5+ Kh8 46.Nf7+ Kg7 47.Qh6+ Kg8 48.Ng5+ {#r} 1-0

[Event "It (open)"]
[Site "masterchessopen.com – Koszalin (Poland)"]
[Round "7"]
[White "Berelovich Aleksandar (GER)"]
[Black "Socko Bartosz (POL)"]
[Result "0-1"]
[WhiteElo "2495"]
[BlackElo "2475"]

1.e4 e5 2.Nf3 Nc6 3.Bb5 a6 4.Ba4 Nf6 5.O-O Be7 6.Re1 b5 7.Bb3 d6 8.c3 O-O 9.h3
Nb8 10.d3 c5 11.Nbd2 Bb7 12.Nf1 Qc7 13.Ng3 c4 14.Bc2 g6 15.d4 Nbd7 16.Bh6 Rfe8
17.Qd2 Bf8 18.Bg5 Bg7 19.d5 Kh8 20.Nh2 Ng8 21.Be3 Nc5 22.h4 h5 23.Nf3 f6
24.Nh2 Bc8 25.Rf1 Rb8 26.f4 exf4 27.Bxf4 Nd7 28.Nxh5 gxh5 29.Qe2 Re5 30.Bxe5
Nxe5 31.Qxh5+ Bh6 32.Kh1 Qg7 33.Qe2 Rb7 34.Qf2 Qg6 35.Rg1 Rg7 36.a4 Nd3 37.Qf3
Qg3 38.Bxd3 cxd3 39.Qxg3 Rxg3 40.axb5 axb5 41.Rgf1 Bg4 42.Nf3 Bxf3 43.Rxf3
Rxf3 44.gxf3 Ne7 45.Kg2 Ng6 46.Kf2 Ne5 47.b3 Kg7 48.Rg1+ Kf7 49.h5 Ke7 50.Ra1
Bf4 51.Rh1 Kf7 52.h6 Kg8 53.h7+ Kh8 54.Rh4 Bg5 55.Rh1 Bd2 56.Rd1 Bf4 57.Rh1
Bg5 58.Rd1 d2 59.Ke2 Kxh7 60.Rg1 Bf4 61.Kd1 Nd3 62.Kc2 Nf2 63.b4 Kh6 64.Rf1
Be3 65.f4 d1=Q+ 66.Rxd1 Nxd1 67.Kxd1 Bxf4 68.Ke2 Bh2 {#R} 0-1

[Event "NRW-liga II 1998/99"]
[Site "masterchessopen.com – Germany"]
[Date "1998.12.03"]
[Round "3"]
[White "Kharitonov Alexandr (RUS)"]
[Black "Lytchak Boris (GER)"]
[Result "0-1"]
[WhiteElo "2265"]
[BlackElo "2209"]

1.e4 e5 2.Nf3 Nc6 3.Bb5 a6 4.Ba4 Nf6 5.O-O Be7 6.Re1 b5 7.Bb3 d6 8.c3 O-O 9.h3
Nb8 10.d3 Nbd7 11.a4 Bb7 12.Nbd2 Re8 13.Ng5 d5 14.exd5 Bxd5 15.c4 bxc4 16.dxc4
Bc6 17.Bc2 Bb4 18.Re3 Nc5 19.Qe2 h6 20.Nge4 Ne6 21.Nxf6+ Qxf6 22.Ne4 Qe7
23.Qg4 f5 24.Qxf5 Nd4 25.Qg6 Nxc2 26.Rg3 Bxe4 27.Qxe4 Nxa1 28.Bxh6 Rad8 29.c5
Rd4 30.Qg6 Qf7 31.Qc6 Re7 32.Rxg7+ Qxg7 33.Bxg7 Kxg7 34.g4 Bd2 35.Qxa6 Nc2
{#R} 0-1

[Event "Ch World (juniors) (under 14) (g)"]
[Site "masterchessopen.com – Oropesa (Spain)"]
[Round "8"]
[White "Tania Sachdev (IND)"]
[Black "Vega Gutierrez Belinda (ESP)"]
[Result "1-0"]
[WhiteElo "2090"]
[BlackElo "2202"]

1.e4 e5 2.Nf3 Nc6 3.Bb5 a6 4.Ba4 Nf6 5.O-O Be7 6.Re1 b5 7.Bb3 d6 8.c3 O-O 9.h3
Nb8 10.d3 Nbd7 11.Nbd2 Nc5 12.Bc2 Re8 13.Nf1 Bf8 14.Ng3 g6 15.Bg5 h6 16.Be3
Ncd7 17.a4 Bb7 18.Nh2 d5 19.Ng4 Nxg4 20.Qxg4 Nf6 21.Qe2 c5 22.f4 Qc7 23.Qf3 d4
24.Bd2 Nd7 25.f5 Bg7 26.Rf1 Kh7 27.Ne2 Qd8 28.Bb3 Rf8 29.Bxf7 g5 30.Be6 Nb6
31.axb5 axb5 32.Rxa8 Qxa8 33.Bxg5 {#r} 1-0

[Event "Olympiad (children)"]
[Site "masterchessopen.com – Gurzuf (Ukraine)"]
[Round "6"]
[White "Gogochuri Levan (GEO)"]
[Black "Eleup A (KAZ)"]
[Result "1-0"]
[WhiteElo "2124"]
[BlackElo "2113"]

1.e4 e5 2.Nf3 Nc6 3.Bb5 a6 4.Ba4 Nf6 5.O-O Be7 6.Re1 b5 7.Bb3 d6 8.c3 O-O 9.h3
Nb8 10.d3 Nbd7 11.Nbd2 Bb7 12.Nf1 Nc5 13.Bc2 Re8 14.g4 Bf8 15.Ng3 g6 16.g5
Nfd7 17.d4 Ne6 18.d5 Nf4 19.h4 h6 20.Ne2 hxg5 21.hxg5 Nh5 22.Kh2 c6 23.Ng3
Nxg3 24.Kxg3 Nb6 25.dxc6 Bxc6 26.Be3 Nc4 27.Bc1 Qc7 28.Qe2 d5 29.Nd2 Nd6 30.f3
Qe7 31.Nf1 Bg7 32.Nh2 Rac8 33.Ng4 Bb7 34.Bd3 Nc4 35.a4 b4 36.cxb4 Qxb4 37.Nf6+
Bxf6 38.gxf6 Re6 39.Bg5 Nd6 40.Rh1 dxe4 41.Qh2 Nf5+ 42.Kf2 Qxb2+ 43.Be2 Qd4+
44.Ke1 Qxa1+ 45.Bd1 Qc3+ 46.Bd2 Qxd2+ 47.Qxd2 Rxf6 48.Qh2 Kg7 49.Qxe5 exf3
50.Kf2 Rd8 51.Qb2 Bc6 52.Qb3 Rdd6 53.Qc3 Rd4 54.Bc2 {#r} 1-0

[Event "Olympiad"]
[Site "masterchessopen.com – Istanbul (Turkey)"]
[Round "6"]
[White "Kovalev Andrei (BLR)"]
[Black "Van Der Sterren Paul (NED)"]
[Result "0-1"]
[WhiteElo "2537"]
[BlackElo "2569"]

1.e4 e5 2.Nf3 Nc6 3.Bb5 a6 4.Ba4 Nf6 5.O-O Be7 6.Re1 b5 7.Bb3 d6 8.c3 O-O 9.h3
Nb8 10.d3 Nbd7 11.Nbd2 Bb7 12.Nf1 Nc5 13.Bc2 Re8 14.Ng3 Bf8 15.b4 Ncd7 16.Bb3
h6 17.Nh4 d5 18.Nhf5 a5 19.Bd2 a4 20.Bc2 c5 21.exd5 Bxd5 22.c4 bxc4 23.dxc4
Bxc4 24.a3 Nb6 25.bxc5 Bxc5 26.Nxg7 Kxg7 27.Bxh6+ Kh8 28.Bg5 Re6 29.Qf3 Bd5
30.Qf5 Nbd7 31.Ne4 Kg8 32.Rad1 Bd4 33.Rd3 Qb6 34.Bxf6 Nxf6 35.Rxd4 Bxe4
36.Rdxe4 Nxe4 37.Rxe4 Rf6 38.Rg4+ Kf8 39.Qxe5 Qxf2+ 40.Kh2 Re8 41.Qg5 Re1
42.Bxa4 Qg1+ 43.Kg3 Qf2+ 44.Kh2 Ke7 45.Bc6 {#R} 0-1

[Event "It (open)"]
[Site "masterchessopen.com – Naujac (France)"]
[Round "4"]
[White "Renet Olivier (FRA)"]
[Black "Trabert Bettina (GER)"]
[Result "1-0"]
[WhiteElo "2496"]
[BlackElo "2259"]

1.e4 e5 2.Nf3 Nc6 3.Bb5 a6 4.Ba4 Nf6 5.O-O Be7 6.Re1 b5 7.Bb3 d6 8.c3 O-O 9.h3
Nb8 10.d3 c5 11.Nbd2 Re8 12.Nf1 Bf8 13.Bg5 h6 14.Bxf6 Qxf6 15.a4 Bb7 16.Ne3
Nc6 17.Bd5 Rab8 18.axb5 axb5 19.Qb3 b4 20.Nd2 Ne7 21.Bxb7 Rxb7 22.Ndc4 Reb8
23.Qd1 bxc3 24.bxc3 Ng6 25.g3 Rb3 26.Qg4 Qe6 27.Rec1 Qxg4 28.hxg4 Be7 29.Ra6
Rd8 30.Nd5 Bf8 31.Ra7 f6 32.Rca1 Rbb8 33.Kg2 Nh8 34.Nce3 Nf7 35.Nf5 Re8
36.R1a6 Rb3 37.Rc7 Ng5 38.Nxh6+ Kh8 39.Nf7+ Nxf7 40.Rxf7 Rc8 41.Raa7 Rbb8
42.Nc7 {#r} 1-0

[Event "It"]
[Site "masterchessopen.com – Tunisia"]
[Round "0"]
[White "Bejaoui Anis (TUN)"]
[Black "Kaabi Mejdi (TUN)"]
[Result "0-1"]
[WhiteElo "2144"]
[BlackElo "2380"]

1.e4 e5 2.Nf3 Nc6 3.Bb5 a6 4.Ba4 Nf6 5.O-O Be7 6.Re1 b5 7.Bb3 d6 8.c3 O-O 9.h3
Nb8 10.d3 Nbd7 11.Nbd2 Nc5 12.Bc2 Re8 13.Nf1 Bf8 14.Ng3 g6 15.d4 Ncd7 16.dxe5
dxe5 17.Bb3 c5 18.Be3 c4 19.Bc2 Bb7 20.Qc1 Nc5 21.Bh6 Bxh6 22.Qxh6 Qe7 23.Rad1
Qf8 24.Qe3 Rac8 25.Rd2 Rc6 26.Red1 a5 27.Nh4 Bc8 28.Nf3 b4 29.Ne2 Ba6 30.Ng3
Bb5 31.Ne1 h6 32.Nf3 Kh7 33.Nh4 Nd3 34.Bxd3 cxd3 35.cxb4 axb4 36.Nf3 Nd7
37.Ne1 Nc5 38.b3 Qd6 39.Kh2 Qf6 40.Kg1 Qf4 41.Nf3 Qxe3 42.fxe3 Kg7 43.Rf2 Nd7
44.Nd2 Rc2 45.Nc4 Rxf2 46.Kxf2 Bxc4 47.bxc4 Nc5 48.Rb1 Ra8 49.Rb2 Ra3 50.Kf3
Rc3 51.Rxb4 d2 52.Rb1 Rc1 {#R} 0-1

[Event "It (open)"]
[Site "masterchessopen.com – Dortmund (Germany)"]
[Round "5"]
[White "Merklinger Markus (GER)"]
[Black "Caoili Arianne (AUS)"]
[Result "1-0"]
[WhiteElo "2272"]
[BlackElo "2257"]

1.e4 e5 2.Nf3 Nc6 3.Bb5 a6 4.Ba4 Nf6 5.O-O Be7 6.Re1 b5 7.Bb3 d6 8.h3 O-O 9.c3
Nb8 10.d3 Nbd7 11.Nbd2 Bb7 12.Nf1 Re8 13.Ng3 Bf8 14.Qe2 Nc5 15.Bc2 g6 16.Bg5
h6 17.Be3 Kh7 18.Rad1 Qe7 19.Nh2 Qe6 20.b4 Ncd7 21.Bb3 Qe7 22.Ng4 c5 23.f3 a5
24.Qd2 Ng8 25.f4 a4 26.Bc2 h5 27.Nh2 cxb4 28.cxb4 d5 29.a3 d4 30.Bf2 Bh6
31.Ne2 g5 32.Ng3 gxf4 33.Nf5 Qf8 34.Qe2 Ndf6 35.Bh4 Bc8 36.Nf3 Ra6 37.Bb1 Be6
38.Rc1 Bxf5 39.exf5 Qd6 40.Rc5 Nd5 41.Qa2 Ngf6 42.Bxf6 Nxf6 43.Qxf7+ Kh8
44.Rcxe5 {#r} 1-0

[Event "It (cat.3)"]
[Site "masterchessopen.com – Le Touquet (France)"]
[Round "6"]
[White "Bouhallel Rabah (FRA)"]
[Black "Mancini Mario (FRA)"]
[Result "0-1"]
[WhiteElo "2363"]
[BlackElo "2291"]

1.e4 e5 2.Nf3 Nc6 3.Bb5 a6 4.Ba4 Nf6 5.O-O Be7 6.Re1 b5 7.Bb3 d6 8.c3 O-O 9.h3
Nb8 10.d3 c5 11.a4 Bb7 12.Na3 Nbd7 13.Bg5 Bc6 14.axb5 axb5 15.c4 b4 16.Nc2 h6
17.Bd2 Rxa1 18.Qxa1 Qc7 19.Ne3 Ra8 20.Qd1 Nf8 21.Nd5 Nxd5 22.exd5 Be8 23.Qe2
Ng6 24.Bc2 Bf6 25.Bc1 Bd7 26.Nh2 Qd8 27.Nf3 Nh4 28.Nxh4 Bxh4 29.Rf1 Bg5 30.f4
Bxf4 31.Bxf4 exf4 32.Rxf4 Qg5 33.Qf2 Bxh3 34.Rxf7 Bxg2 {#R} 0-1

[Event "It (open)"]
[Site "masterchessopen.com – Lido (Italy)"]
[Round "5"]
[White "Opacic Alexandar (ITA)"]
[Black "Trabert Bettina (GER)"]
[Result "0-1"]
[WhiteElo "2113"]
[BlackElo "2253"]

1.e4 e5 2.Nf3 Nc6 3.Bb5 a6 4.Ba4 Nf6 5.O-O Be7 6.Re1 b5 7.Bb3 d6 8.c3 O-O 9.h3
Nb8 10.d3 Nbd7 11.Nbd2 Bb7 12.Nf1 Nc5 13.Bc2 Re8 14.Ng3 Bf8 15.b4 Ncd7 16.Bb3
h6 17.Nf5 d5 18.exd5 Nxd5 19.Qc2 Qf6 20.Ne3 Nf4 21.Ng4 Nxh3+ 22.Kh2 Qf5
23.gxh3 Bxf3 24.Rg1 Kh8 25.Rg3 e4 26.d4 Bd6 27.Be3 h5 28.Nh6 gxh6 {#R} 0-1

[Event "It (open) \"]
[Site "masterchessopen.com – Prague (Czech Republic)"]
[Round "0"]
[White "Belaska Premysl (CZE)"]
[Black "Kratochvil Milos (CZE)"]
[Result "1-0"]
[WhiteElo "2272"]
[BlackElo "2071"]

1.e4 e5 2.Nf3 Nc6 3.Bb5 a6 4.Ba4 Nf6 5.O-O Be7 6.Re1 b5 7.Bb3 d6 8.c3 O-O 9.h3
Nb8 10.d3 Nbd7 11.Nbd2 h6 12.Nf1 Re8 13.Ne3 Bf8 14.g4 Nc5 15.Bc2 g6 16.Kh2 c6
17.b4 Ne6 18.Rg1 Nf4 19.Nf1 h5 20.Bxf4 exf4 21.gxh5 Nxh5 22.N1d2 Bg7 23.d4 c5
24.bxc5 dxc5 25.Nb3 c4 26.Nc5 Bf8 27.Rg5 Bxc5 28.Rxc5 Bb7 29.Ne5 Qh4 30.Qf3
Nf6 31.Rg1 Bc8 32.Nxg6 fxg6 33.Rxg6+ Kf8 34.e5 Bg4 35.Qxf4 Re6 36.Rxg4 {#r}
1-0

[Event "Ch Russia (juniors) (under 18) (g)"]
[Site "masterchessopen.com – Rybinsk (Russia)"]
[Round "7"]
[White "Ivkina Olga (RUS)"]
[Black "Ubiennykh Ekaterina (RUS)"]
[Result "1-0"]
[WhiteElo "2176"]
[BlackElo "2269"]

1.e4 e5 2.Nf3 Nc6 3.Bb5 a6 4.Ba4 Nf6 5.O-O Be7 6.Re1 b5 7.Bb3 d6 8.c3 O-O 9.h3
Nb8 10.d3 h6 11.Nbd2 Re8 12.Nf1 Bf8 13.a4 Bb7 14.axb5 axb5 15.Rxa8 Bxa8 16.Ba2
Qd7 17.Ng3 g6 18.Nh2 c5 19.Qf3 Qe7 20.Ng4 Nxg4 21.Qxg4 Kh7 22.Re3 Nc6 23.Bd5
Bb7 24.Nf5 Qc7 25.Nxh6 Bxh6 26.Rf3 Bf4 27.g3 Bc8 28.Qh4+ Kg7 29.gxf4 Rh8
30.Qg5 f6 31.Qg2 Ne7 32.f5 Qd8 33.h4 Rxh4 34.Bg5 fxg5 35.Qxg5 Rh5 36.Qg2 Nxd5
37.Qxg6+ Kf8 38.Qxh5 Nf4 39.Rxf4 exf4 40.Qh8+ Ke7 41.f6+ Kd7 42.Qg7+ Kc6 43.f7
Bd7 44.f8=Q Qh4 45.Qa8+ Kb6 46.Qxd7 {#r} 1-0

[Event "Ch Belgium (team) 2001/02"]
[Site "masterchessopen.com – Belgium"]
[Round "6"]
[White "Gulbas Cemil (BEL)"]
[Black "Lavrenov Yuli (BEL)"]
[Result "1-0"]
[WhiteElo "2290"]
[BlackElo "2116"]

1.e4 e5 2.Nf3 Nc6 3.Bb5 a6 4.Ba4 Nf6 5.O-O Be7 6.Re1 b5 7.Bb3 O-O 8.h3 d6 9.c3
Nb8 10.d3 c5 11.Nbd2 Nc6 12.Nf1 h6 13.Ne3 Re8 14.Nh2 Na5 15.Bc2 Be6 16.Qf3 Bf8
17.Nhg4 Nxg4 18.hxg4 Be7 19.Nf5 Bg5 20.Bxg5 hxg5 21.Qh3 Bxf5 22.gxf5 c4 23.Re3
Qf6 24.Qg4 Kf8 25.Rg3 Ke7 26.Qxg5 Qxg5 27.Rxg5 Kf6 28.Rh5 Nb7 29.dxc4 bxc4
30.Rd1 Rh8 31.Rxh8 Rxh8 32.f3 Ke7 33.Kf2 a5 34.Ke3 Rb8 35.Kd2 Nc5 36.Kc1 Rh8
37.b4 cxb3 38.axb3 Rb8 39.Rd5 Nxb3+ 40.Bxb3 Rxb3 41.Kc2 Ra3 42.Kb2 Ra4 43.Rb5
g6 44.g4 gxf5 45.gxf5 Kf6 46.Rb6 Kg5 47.Rxd6 Kf4 48.Rd3 Kg5 49.Kb3 Ra1 50.c4
Rc1 51.Rc3 Rxc3+ 52.Kxc3 Kf6 53.c5 Ke7 54.Kc4 {#r} 1-0

[Event "It (open) \"]
[Site "masterchessopen.com – Bratislava (Slovakia)"]
[Round "5"]
[White "Pinter Erik (SVK)"]
[Black "Bednar Jan (SVK)"]
[Result "1-0"]
[WhiteElo "2369"]
[BlackElo "2080"]

1.e4 e5 2.Nf3 Nc6 3.Bb5 a6 4.Ba4 Nf6 5.O-O Be7 6.Re1 b5 7.Bb3 d6 8.c3 O-O 9.h3
Nb8 10.d3 Nbd7 11.Nbd2 h6 12.Nf1 Re8 13.Ng3 Bf8 14.Qe2 c5 15.Nf5 Bb7 16.Nh2 c4
17.dxc4 Bxe4 18.Ne3 bxc4 19.Bxc4 Qb6 20.Rd1 Nc5 21.Nhg4 Ncd7 22.Nxf6+ Nxf6
23.Bd5 Bxd5 24.Nxd5 Nxd5 25.Rxd5 a5 26.Be3 Qc6 27.Qb5 Qxb5 28.Rxb5 a4 29.Rd1
Reb8 30.Rdd5 f6 31.Kf1 Kf7 32.Ke2 Ke6 33.c4 Be7 34.Bd2 Bd8 35.Bb4 Bc7 36.Kd3
h5 37.Kc3 Rxb5 38.Rxb5 Kd7 39.Rd5 Ke6 40.b3 f5 41.bxa4 Rxa4 42.Kb3 Ra6 43.a4
Kd7 44.Rd3 g5 45.c5 f4 46.cxd6 Bxd6 47.Kc3 g4 48.hxg4 h4 49.Bxd6 Rxd6 50.Rh3
e4 51.Rxh4 e3 52.Rh7+ Kd8 53.fxe3 fxe3 54.Rh3 e2 55.Re3 Rg6 56.Rxe2 Rxg4
57.Ra2 Kc7 58.Kd3 Kb6 59.Ke3 Ka5 60.Kf3 Rd4 61.g4 Rc4 62.g5 Rb4 63.g6 Rb6
64.Rg2 {#r} 1-0

[Event "It (open)"]
[Site "masterchessopen.com – Bizovac (Croatia)"]
[Round "4"]
[White "Arbanas Josip (CRO)"]
[Black "Loncar Robert (CRO)"]
[Result "0-1"]
[WhiteElo "2248"]
[BlackElo "2385"]

1.e4 e5 2.Nf3 Nc6 3.Bb5 a6 4.Ba4 Nf6 5.O-O Be7 6.Re1 b5 7.Bb3 d6 8.c3 O-O 9.h3
Nb8 10.d3 Nbd7 11.Nbd2 Bb7 12.Nf1 Nc5 13.Bc2 Re8 14.Ng3 Bf8 15.b4 Ncd7 16.a4
d5 17.axb5 axb5 18.Rb1 h6 19.Nf5 Ra6 20.Bd2 Qa8 21.Ng3 c5 22.bxc5 dxe4 23.dxe4
Nxc5 24.Rxb5 Bc6 25.Rb4 Nb7 26.Rb1 Nd6 27.Qe2 Ra2 28.Bd3 Nd7 29.Bc4 Nxc4
30.Qxc4 Bc5 31.Rb3 Ra4 32.Rb4 Ra1 33.Rxa1 Qxa1+ 34.Kh2 Qa8 35.Be3 {#R} 0-1

[Event "It (cat.3)"]
[Site "masterchessopen.com – Cipolletti (Argentina)"]
[Round "3"]
[White "Valiente Cristobal (PAR)"]
[Black "Soto Jorge (PER)"]
[Result "1-0"]
[WhiteElo "2306"]
[BlackElo "2341"]

1.e4 e5 2.Nf3 Nc6 3.Bb5 a6 4.Ba4 Nf6 5.O-O Be7 6.Re1 b5 7.Bb3 O-O 8.h3 d6 9.c3
Nb8 10.d3 Nbd7 11.Nbd2 Re8 12.Bxf7+ Kxf7 13.Ng5+ Kg8 14.Ne6 Bb7 15.Nxd8 Raxd8
16.Nf1 d5 17.exd5 Nxd5 18.a4 bxa4 19.Qxa4 Kh8 20.Qc2 Rf8 21.Ng3 Bc5 22.Ne4 Ba7
23.Be3 Nxe3 24.fxe3 Nf6 25.Nxf6 Rxf6 26.d4 Rg6 27.Re2 c5 28.dxe5 Bb8 29.Rd1
Re8 30.Red2 {#r} 1-0

[Event "Cup 3 Arrows"]
[Site "masterchessopen.com – Ji Nan (China)"]
[Round "1"]
[White "Xie Jun (CHN)"]
[Black "Short Nigel D (ENG)"]
[Result "1-0"]
[WhiteElo "2569"]
[BlackElo "2687"]

1.e4 e5 2.Nf3 Nc6 3.Bb5 a6 4.Ba4 Nf6 5.O-O Be7 6.Re1 b5 7.Bb3 d6 8.c3 O-O 9.h3
Nb8 10.d3 Nbd7 11.Nbd2 Bb7 12.Nf1 Nc5 13.Bc2 Re8 14.Ng3 Bf8 15.b4 Ncd7 16.d4
g6 17.a4 Nb6 18.dxe5 dxe5 19.Qxd8 Raxd8 20.Bg5 Kg7 21.axb5 axb5 22.Ra7 Rb8
23.Bd3 c6 24.Nd2 Na4 25.Rc1 Bc8 26.Bc2 Re7 27.Rxe7 Bxe7 28.Bxa4 bxa4 29.Ra1 c5
30.bxc5 Bd7 31.Be3 Rc8 32.Nc4 Bxc5 33.Nxe5 Bxe3 34.Nxd7 Nxd7 35.fxe3 Nc5
36.Kf2 Kf6 37.Kf3 Ke5 38.Ne2 Ra8 39.Ra3 Nxe4 40.Nd4 Nd2+ 41.Ke2 Nb1 42.Ra1
Nxc3+ 43.Kd3 Nd5 44.Nf3+ Kd6 45.Ng5 f6 46.Ne4+ Ke5 47.Nc5 a3 48.g4 a2 49.Kc4
Nxe3+ 50.Kb3 Nd5 51.Na4 Kf4 52.Rxa2 Kg3 53.Rd2 Nf4 54.Rd7 Rh8 55.Nc5 Kxh3
56.Ne4 h5 57.Rf7 Re8 58.Nxf6 Re3+ 59.Kc4 hxg4 60.Kd4 Rf3 61.Rh7+ Nh5 62.Ne4
Rf4 63.Ke3 Rxe4+ 64.Kxe4 g3 65.Rh6 g2 {#r} 1-0

[Event "It (open)"]
[Site "masterchessopen.com – Trinec (Czech Republic)"]
[Round "8"]
[White "Babula Milan (CZE)"]
[Black "Bartel Michal (POL)"]
[Result "1-0"]
[WhiteElo "2323"]
[BlackElo "2202"]

1.e4 e5 2.Nf3 Nc6 3.Bb5 a6 4.Ba4 Nf6 5.O-O Be7 6.Re1 b5 7.Bb3 d6 8.c3 O-O 9.h3
Nb8 10.d3 Nbd7 11.Nbd2 Bb7 12.Nf1 h6 13.Ne3 Re8 14.Nh2 Nc5 15.Bc2 d5 16.exd5
Nxd5 17.Nf5 Bg5 18.d4 exd4 19.Rxe8+ Qxe8 20.Bxg5 hxg5 21.Nxg7 Qc6 22.Nf5 Re8
23.Qxd4 Ne6 24.Qe5 Nxc3 25.Nf3 Ne4 26.Bxe4 Qxe4 27.Qf6 g4 28.Re1 Qxf5 29.Qxf5
gxf3 30.Qf6 fxg2 31.Re3 Rd8 32.Qxd8+ Nxd8 33.Re8+ Kg7 34.Rxd8 c5 35.Rd7 Be4
36.Ra7 Kf6 37.Rxa6+ Ke5 38.Ra5 Bc6 39.a4 {#r} 1-0

[Event "Memorial Leonardo Di Bona"]
[Site "masterchessopen.com – Cutro (Italy)"]
[Date "2003.04.26"]
[Round "4"]
[White "Mrdja Milan (CRO)"]
[Black "Trabert Bettina (GER)"]
[Result "1-0"]
[WhiteElo "2420"]
[BlackElo "2331"]

1.e4 e5 2.Nf3 Nc6 3.Bb5 a6 4.Ba4 Nf6 5.O-O Be7 6.Re1 b5 7.Bb3 d6 8.c3 O-O 9.h3
Nb8 10.d3 Nbd7 11.Nbd2 Bb7 12.Nf1 Nc5 13.Bc2 Re8 14.Ng3 Bf8 15.a3 g6 16.b4
Ncd7 17.Bb2 Bg7 18.c4 c5 19.Bb3 h6 20.Rc1 Nh7 21.Nd2 Nhf8 22.Ne2 Ne6 23.Rf1
Qg5 24.cxb5 axb5 25.Bxe6 Rxe6 26.Nb3 Rc8 27.f4 exf4 28.Bxg7 Kxg7 29.Nxf4 Rf6
30.Qd2 Kh7 31.Na5 Ba8 32.Rf2 Ne5 33.Rcf1 c4 34.d4 Nd7 35.d5 Ne5 36.Qd4 Qg3
37.Ne2 {#r} 1-0

[Event "Bayern Oberliga 2003/04"]
[Site "masterchessopen.com – Bayern (Germany)"]
[Date "2004.02.15"]
[Round "6"]
[White "Kraft Hans (GER)"]
[Black "Buchner Rudolf (GER)"]
[Result "0-1"]
[WhiteElo "2118"]
[BlackElo "2267"]

1.e4 e5 2.Nf3 Nc6 3.Bb5 a6 4.Ba4 Nf6 5.O-O Be7 6.Re1 b5 7.Bb3 d6 8.c3 O-O 9.h3
Nb8 10.d3 Nbd7 11.Nbd2 c5 12.Nf1 Qc7 13.a4 Bb7 14.Ng3 Rfe8 15.d4 Bf8 16.dxe5
dxe5 17.c4 b4 18.Bc2 Rad8 19.Qe2 g6 20.a5 Bg7 21.Ba4 Re7 22.Bc2 Nf8 23.Nh2 Ne6
24.Be3 Red7 25.Ng4 Nxg4 26.Qxg4 Nd4 27.Ba4 Rd6 28.Bd1 Qe7 29.h4 Bc8 {#R} 0-1

[Event "It (open)"]
[Site "masterchessopen.com – Reykjavik (Iceland)"]
[Date "2004.03.15"]
[Round "8"]
[White "Zatonskih Anna (USA)"]
[Black "Atalik Suat (BIH)"]
[Result "0-1"]
[WhiteElo "2440"]
[BlackElo "2541"]

1.e4 e5 2.Nf3 Nc6 3.Bb5 a6 4.Ba4 Nf6 5.O-O Be7 6.Re1 b5 7.Bb3 d6 8.c3 O-O 9.h3
Nb8 10.d3 Bb7 11.Nbd2 Nbd7 12.Nf1 Nc5 13.Bc2 Re8 14.Ng3 Bf8 15.b4 Ncd7 16.a4
d5 17.Bd2 c5 18.exd5 cxb4 19.axb5 bxc3 20.Bxc3 axb5 21.Rxa8 Bxa8 22.d4 Nxd5
23.Qd3 g6 24.Nxe5 Nf4 25.Qxb5 Nxe5 26.Rxe5 Rxe5 27.Qxe5 Bd6 28.Ba5 Qd7 29.Ba4
Qb7 30.Qe8+ Kg7 31.d5 Qxd5 32.Bc3+ Kh6 33.f3 Qc5+ 34.Kh2 Qf2 {#R} 0-1

[Event "It (open)"]
[Site "masterchessopen.com – Sautron (France)"]
[Date "2004.10.27"]
[Round "5"]
[White "Fedorchuk Sergey A (UKR)"]
[Black "Maiorov Nikita (BLR)"]
[Result "1-0"]
[WhiteElo "2557"]
[BlackElo "2452"]

1.e4 e5 2.Nf3 a6 3.Bb5 Nc6 4.Ba4 Nf6 5.O-O Be7 6.Re1 b5 7.Bb3 d6 8.c3 O-O 9.h3
Nb8 10.d3 Nbd7 11.Nbd2 Bb7 12.Nf1 Nc5 13.Bc2 Re8 14.Ng3 Bf8 15.b4 Ncd7 16.a4
d5 17.Be3 Qc8 18.Qb1 Rb8 19.axb5 c6 20.Ra5 axb5 21.d4 exd4 22.Bxd4 dxe4
23.Nxe4 Nxe4 24.Rxe4 Rxe4 25.Bxe4 g6 26.Ng5 Qe8 27.Ra7 Bg7 28.Bf3 Bxd4 29.cxd4
Nf6 30.Qc1 h6 31.Qf4 Kg7 32.Nxf7 Kxf7 33.d5 cxd5 34.Bxd5+ Kg7 35.Bxb7 g5
36.Be4+ Nd7 37.Rxd7+ {#r} 1-0